| 000 | 00622nam a22002177a 4500 | ||
|---|---|---|---|
| 003 | OSt | ||
| 005 | 20140310181917.0 | ||
| 008 | 130717t xxu||||| |||| 00| 0 eng d | ||
| 020 | _a0439243130 | ||
| 050 |
_aLB 1574 _b.F884 2002 |
||
| 082 |
_aTR 372.632 _bF89 2002 |
||
| 100 |
_aFresch, Mary Jo _91186 |
||
| 245 |
_aTeaching and assessing spelling / _cFresch, Mary Jo; Wheaton, Aileen |
||
| 260 |
_aNew York : _bScholastic, _cc2002. |
||
| 300 |
_a191 p. : _bill. ; _c28 cm. |
||
| 521 | _aFaculty | ||
| 541 | _j1 | ||
| 562 | _e1 | ||
| 650 |
_aSpelling _xStudy and teaching. _91187 |
||
| 942 |
_2lcc _cBK-TR _kTR |
||
| 999 |
_c6829 _d6829 |
||